000 00589nam a2200205 a 4500
001 BRCA_6981
005 20190321142930.0
008 221111s1940----gw-#######---#000-0#ger-#
041 _ager
044 _agw
050 4 _b.M49 1940
100 1 _aMeyer, M. W.
_d1853-1910
_q(Max Wilhelm)
_916704
245 1 0 _aAuf der Sternwarte
_boder Wie der Astronom zu den Resultaten seiner Forschung gelangt
_cvon M. Wilhem Meyer
260 _aLeipzig
_bPhilipp Reclam
_c[1940]
300 _a114 p.
_bil.
_c14 cm.
500 _aL178
650 1 4 _aAstronimía
_917380
902 _aGFM
942 _2lcc
_cB
999 _c6662
_d6662